[Event "Cordeiropolis Freitas Levy Memorial"]
[Site "Cordeiropolis"]
[Date "2015.05.22"]
[Round "2"]
[White "Freitas, Sergio da Silva"]
[Black "Spindola, Carine dos Santos"]
[Result "1-0"]
[WhiteElo "1905"]
[BlackElo "1348"]
[PlyCount "73"]
[EventDate "2015.05.22"]
[EventType "swiss"]
[EventRounds "6"]
[EventCountry "BRA"]
[SourceTitle "CBM 166 Extra"]
[Source "ChessBase"]
[SourceDate "2015.06.18"]
[SourceVersion "1"]
[SourceVersionDate "2015.06.18"]
[SourceQuality "1"]

1. e4 c5 2. Nf3 Nc6 3. d4 cxd4 4. Nxd4 Nf6 5. Nc3 e6 6. Ndb5 d6 7. Bf4 e5 8. Bg5 a6 9. Na3 b5 10. Nd5 Be7 11. Bxf6 Bxf6 12. c3 Bb7 13. Nc2 0-0 14. a4 Na7 15. Be2 Bg5 16. 0-0 Bxd5 17. Qxd5 Qb6 18. axb5 Nxb5 19. Nb4 a5 20. Bxb5 Rab8 21. Nc6 Qxb5 22. Nxb8 Rxb8 23. Qxb5 Rxb5 24. b4 Bd2 25. Rxa5 Rb8 26. Ra3 g6 27. Rd1 Bg5 28. Rxd6 Rc8 29. g3 f5 30. h4 Be7 31. Re6 Kf7 32. Rxe5 Bf6 33. Ra7+ Kf8 34. Rc5 Rxc5 35. bxc5 Bxc3 36. c6 Be5 37. c7 1-0

[Event "Sao Paulo Consciencia op 3rd"]
[Site "Sao Paulo"]
[Date "2015.04.18"]
[Round "1"]
[White "Hoshino, Meilin"]
[Black "Freitas, Sergio da Silva"]
[Result "0-1"]
[WhiteElo "1361"]
[BlackElo "1905"]
[PlyCount "104"]
[EventDate "2015.04.18"]
[EventType "swiss"]
[EventRounds "6"]
[EventCountry "BRA"]
[SourceTitle "CBM 166 Extra"]
[Source "ChessBase"]
[SourceDate "2015.06.18"]
[SourceVersion "1"]
[SourceVersionDate "2015.06.18"]
[SourceQuality "1"]

1. d4 Nf6 2. c4 d5 3. Nc3 g6 4. Nf3 Bg7 5. Bg5 Ne4 6. cxd5 Nxg5 7. Nxg5 e6 8. Nf3 exd5 9. e3 0-0 10. Be2 c6 11. Qb3 Qb6 12. Qc2 Bf5 13. Qd2 Nd7 14. a3 Rfe8 15. 0-0 Rad8 16. Rfc1 Nf6 17. b4 Ne4 18. Qd1 a5 19. Qb3 axb4 20. Qxb4 Qa7 21. Na4 Bf8 22. Qb3 Bh6 23. Nc5 Nxc5 24. Rxc5 Bf8 25. Rcc1 Bd6 26. Bd3 Bg4 27. Nd2 Qb8 28. g3 h5 29. Bf1 h4 30. Rcb1 Rd7 31. Ra2 hxg3 32. hxg3 Bxg3 33. Bg2 Bd6 34. Nf1 Bf5 35. Rbb2 Qd8 36. Qb6 Qg5 37. f4 Qg4 38. Nh2 Qg3 39. Nf1 Qe1 40. Qb3 Rde7 41. Re2 Qh4 42. a4 Bxf4 43. Ra3 Bd6 44. Raa2 Qg5 45. a5 Be4 46. Re1 Kg7 47. Qc3 Rh8 48. Qb3 Rh4 49. Rf2 Qh5 50. Bxe4 Rexe4 51. Qxb7 Rh1+ 52. Kg2 Qh3# 0-1

[Event "Pocos de Caldas op"]
[Site "Pocos de Caldas"]
[Date "2015.03.15"]
[Round "6"]
[White "Freitas, Sergio da Silva"]
[Black "Terao, Juliana Sayumi"]
[Result "1/2-1/2"]
[WhiteElo "1802"]
[BlackElo "2232"]
[PlyCount "23"]
[EventDate "2015.03.13"]
[EventType "swiss"]
[EventRounds "6"]
[EventCountry "BRA"]
[SourceTitle "CBM 165 Extra"]
[Source "ChessBase"]
[SourceDate "2015.04.21"]
[SourceVersion "1"]
[SourceVersionDate "2015.04.21"]
[SourceQuality "1"]

1. e4 c5 2. Nf3 e6 3. d4 cxd4 4. Nxd4 a6 5. Nc3 Qc7 6. Be2 Nf6 7. 0-0 Be7 8. Be3 d6 9. f4 Nbd7 10. Qe1 b6 11. Bf3 Bb7 12. Qg3 1/2-1/2

[Event "Pocos de Caldas op"]
[Site "Pocos de Caldas"]
[Date "2015.03.13"]
[Round "1"]
[White "Freitas, Sergio da Silva"]
[Black "Rodi, Luis Ernesto"]
[Result "0-1"]
[WhiteElo "1802"]
[BlackElo "2351"]
[PlyCount "60"]
[EventDate "2015.03.13"]
[EventType "swiss"]
[EventRounds "6"]
[EventCountry "BRA"]
[SourceTitle "CBM 165 Extra"]
[Source "ChessBase"]
[SourceDate "2015.04.21"]
[SourceVersion "1"]
[SourceVersionDate "2015.04.21"]
[SourceQuality "1"]

1. e4 e5 2. Nf3 Nc6 3. Bb5 a6 4. Ba4 Nf6 5. d3 b5 6. Bb3 Bc5 7. h3 d6 8. c3 Bb6 9. 0-0 Be6 10. a4 0-0 11. axb5 axb5 12. Rxa8 Qxa8 13. Bxe6 fxe6 14. Qb3 Qc8 15. Be3 Bxe3 16. fxe3 Nd8 17. Ng5 h6 18. Nf3 Nb7 19. Nbd2 Nc5 20. Qc2 Qa8 21. b4 Qa4 22. Qb1 Ncd7 23. d4 Nh5 24. dxe5 Qa7 25. Qd3 Nf4 26. Qxb5 Qxe3+ 27. Kh2 Nxe5 28. g3 Ne2 29. Kg2 Nxc3 30. Qb7 Nxf3 0-1

[Event "Pocos de Caldas op"]
[Site "Pocos de Caldas"]
[Date "2014.02.14"]
[Round "2"]
[White "Cardoso, Julia Aguiar Vieira"]
[Black "Freitas, Sergio da Silva"]
[Result "1/2-1/2"]
[WhiteElo "1742"]
[BlackElo "1800"]
[PlyCount "63"]
[EventDate "2014.02.14"]
[EventType "swiss"]
[EventRounds "6"]
[EventCountry "BRA"]
[SourceTitle "CBM 158 Extra"]
[Source "ChessBase"]
[SourceDate "2014.02.28"]
[SourceVersion "1"]
[SourceVersionDate "2014.02.28"]
[SourceQuality "1"]

1. e4 c5 2. Nf3 e6 3. d4 cxd4 4. Nxd4 a6 5. Be2 Qc7 6. Be3 Nc6 7. 0-0 Nf6 8. Nd2 h6 9. f4 d6 10. c3 b5 11. e5 Nd5 12. Rf3 Bb7 13. Bf2 dxe5 14. Nxc6 Bxc6 15. fxe5 Ne7 16. Rh3 g6 17. Bf3 Bg7 18. Ne4 Bxe4 19. Bxe4 Rd8 20. Rd3 0-0 21. Rxd8 Rxd8 22. Qe2 Bxe5 23. h3 Bh2+ 24. Kh1 Bf4 25. Rd1 Nd5 26. Bxd5 Rxd5 27. Rxd5 exd5 28. Qe8+ Kg7 29. Bd4+ f6 30. Qe6 Bg5 31. Qxd5 Qg3 32. Qf3 1/2-1/2

[Event "Itapetininga Alves Memorial"]
[Site "Itapetininga"]
[Date "2010.10.11"]
[Round "3.6"]
[White "Freitas, Sergio da Silva"]
[Black "Bispo, Leonardo"]
[Result "0-1"]
[WhiteElo "2158"]
[BlackElo "2158"]
[PlyCount "76"]
[EventDate "2010.10.09"]
[EventType "swiss"]
[EventRounds "6"]
[EventCountry "BRA"]
[SourceTitle "EXT 2022"]
[Source "ChessBase"]
[SourceDate "2021.10.06"]
[SourceVersion "1"]
[SourceVersionDate "2021.10.06"]
[SourceQuality "1"]

1. e4 e5 2. Nf3 Nf6 3. Nxe5 d6 4. Nf3 Nxe4 5. Nc3 Nf6 6. d4 Be7 7. Bd3 0-0 8. Be3 Bg4 9. h3 Bh5 10. g4 Bg6 11. Qd2 Nc6 12. 0-0-0 d5 13. Bxg6 hxg6 14. Ne5 Bb4 15. f3 Re8 16. Bf4 Nd7 17. Nxc6 bxc6 18. a3 Bd6 19. Bxd6 cxd6 20. Qf4 Nf8 21. Qg3 Rb8 22. f4 Qb6 23. b3 Qa5 24. Kb2 Nd7 25. f5 Nb6 26. Ka2 c5 27. fxg6 fxg6 28. dxc5 Qxc5 29. Rd3 d4 30. Rhd1 dxc3 31. Rxc3 Qg5 32. h4 Qe7 33. Rxd6 Rbc8 34. Rxg6 Qe4 35. Rg5 Nd5 36. Rxc8 Rxc8 37. c4 Qc2+ 38. Ka1 Qc1+ 0-1

[Event "Itapetininga Alves Memorial"]
[Site "Itapetininga"]
[Date "2010.10.10"]
[Round "1.17"]
[White "Herbst Neto, Eugenio"]
[Black "Freitas, Sergio da Silva"]
[Result "0-1"]
[WhiteElo "1942"]
[BlackElo "2158"]
[PlyCount "106"]
[EventDate "2010.10.09"]
[EventType "swiss"]
[EventRounds "6"]
[EventCountry "BRA"]
[SourceTitle "EXT 2022"]
[Source "ChessBase"]
[SourceDate "2021.10.06"]
[SourceVersion "1"]
[SourceVersionDate "2021.10.06"]
[SourceQuality "1"]

1. d4 Nf6 2. Nf3 d5 3. e3 g6 4. c4 Bg7 5. Nc3 0-0 6. Qb3 dxc4 7. Bxc4 Nc6 8. Ng5 e6 9. Be2 e5 10. d5 Na5 11. Qa3 b6 12. e4 Nb7 13. 0-0 Nd6 14. Bd3 Nd7 15. Nb5 Nc5 16. Nxd6 cxd6 17. Be3 h6 18. Bxc5 bxc5 19. Nf3 f5 20. Nd2 f4 21. b4 cxb4 22. Qxb4 f3 23. g3 Rf7 24. Rfc1 h5 25. Rc6 Bf8 26. Rac1 Bd7 27. Rc7 a5 28. Qc3 g5 29. Bf1 g4 30. Nb3 h4 31. Rc2 hxg3 32. fxg3 a4 33. Nc1 Bh6 34. Kf2 Qg5 35. Kg1 Qf6 36. Rf2 Bg5 37. Qe1 Qh6 38. Nd3 Be3 39. Kh1 Bxf2 40. Qxf2 Be8 41. Rc2 Rb8 42. h4 Rb1 43. Kh2 Rfb7 44. Rc8 Kf7 45. Ne1 R1b2 46. Rc2 a3 47. Bc4 Ba4 48. Bb3 Bxb3 49. axb3 Qc1 50. Nxf3 gxf3 51. Qxf3+ Ke7 52. Qf5 Rxc2+ 53. Kh3 Qh6 0-1